00733nam a2200169 a 450000100100000000500170001000800410002704000250006824500750009326001210016830000200028950400260030971000970033504900090043295201050044199900170054600002560520250116073945.0110218s1984 dr 000 0 spa d aDO-SdBNPbspacBNPHU00aAlgunos apuntes de historia dominicana para la educación cívica /. aSanto Domingo :bUniversidad Nacional Pedro Henríquez UreñabDirección General de Educación Primaria,c1984. a85 p. ;c21 cm. aBibliografía: p. 811 aRepública Dominicana.bSecretaría de Estado de Educación, Bellas Artes y Cultos923965 aBNPD 0010718PDaPDbPDcCTd2011-02-18iLF1l0o p25605-10r2020-06-25w2020-06-25yLFPDZNo se presta c25097d25097